书目信息 |
| 题名: |
无机合成
|
|
| 作者: | DOUGLAS 著 ;郑飞勇 译 | |
| 分册: | 第十八卷 | |
| 出版信息: | 北京 科学出版社 1983 |
|
| 页数: | 246页 | |
| 开本: | 19cm | |
| 丛书名: | ||
| 单 册: | ||
| 中图分类: | O611.6 | |
| 科图分类: | ||
| 主题词: | 无机化学 | |
| 电子资源: | ||
| ISBN: | ||
| 000 | 00696nam0 2200241 45 | |
| 001 | 0186010185 | |
| 005 | 20060511084916.23 | |
| 010 | @dCNY1.55 | |
| 091 | @a13031.2310 | |
| 100 | @a19900818d1983 kemy0chiy0121 ea | |
| 101 | 1 | @achi@ceng |
| 102 | @aCN@b110000 | |
| 105 | @ay z 000yy | |
| 200 | 10 | @a无机合成@Awu ji he cheng@h第十八卷@f(美)BODIE E·DOUGLAS著@F(mei)BODIE E·DOUGLAS zhu@g郑飞勇等译@Gzheng fei yong deng yi |
| 210 | @a北京@c科学出版社@d1983 | |
| 215 | @a246页@d19cm | |
| 606 | 0 | @a无机化学 |
| 690 | @aO611.6@v4 | |
| 701 | 0 | @aDOUGLAS@4著 |
| 702 | 0 | @a郑飞勇@Azheng fei yong@4译 |
| 801 | 2 | @aCN@bNLC@c20060511 |
| 801 | 0 | @aCN@b深圳图书馆@c20060331 |
| 905 | @dO611.6@e2:18 | |
| 无机合成.第十八卷/(美)BODIE E·DOUGLAS著/郑飞勇等译.-北京:科学出版社,1983 |
| 246页;19cm |
| ISBN :CNY1.55 |
| ● |
| 相关链接 |
|
|
|
|
正题名:无机合成
索取号:O611.6/2:18
 
预约/预借
| 序号 | 登录号 | 条形码 | 馆藏地/架位号 | 状态 | 备注 |
| 1 | 0094617 | 202236302 | 密集书库/ [索取号:O611.6/2:18] | 在馆 | |
| 2 | 0094618 | 202312746 | 密集书库/ [索取号:O611.6/2:18] | 在馆 | |
| 3 | 0094619 | 202142065 | 密集书库/ [索取号:O611.6/2:18] | 在馆 |